Pests and diseases of vegetable crops /

Bibliographic Details
Main Author: Gerasimov, Boris Aleksandrovich
Format: Book
Language:English
Russian
Published: [Jerusalem] : [Published for the National Science Foundation and the Dept. of Agriculture, by The Israel Program for Scientific Translations, 1960] [date of publication not identified]
Series:Books on vegetable growing; no. 15
Subjects:

MARC

Tag First Indicator Second Indicator Subfields
LEADER 00000cam a2200000 i 4500
001 in00000035895
005 20151007063538.0
008 800403s1960 is a 00010 eng d
035 |a (OCoLC)06164540 
035 |9 AAD7646AM 
040 |a ZAM  |c ZAM  |d TXA  |d UtOrBLW 
041 1 |a eng  |a rus 
049 |a TXAM 
090 |a SB601  |b .G42 
092 |a 632  |b G358p, 1960 
100 1 |a Gerasimov, Boris Aleksandrovich. 
245 1 0 |a Pests and diseases of vegetable crops /  |c [by] B. A. Gerasimov [and] E. A. Osnitskaya. [Tr. by I. Wahl. 
264 1 |a [Jerusalem] :  |b [Published for the National Science Foundation and the Dept. of Agriculture, by The Israel Program for Scientific Translations, 1960]  |c [date of publication not identified] 
300 |a 97 pages :  |b illustrations 
336 |a text  |b txt  |2 rdacontent 
337 |a unmediated  |b n  |2 rdamedia 
338 |a volume  |b nc  |2 rdacarrier 
490 0 |a Books on vegetable growing; no. 15 
650 0 |a Vegetables  |x Diseases and pests. 
650 0 |a Russian language  |x Translations into English. 
999 |a MARS 
999 f f |s 7093a8ce-9265-3a80-96ff-1315ff406d5f  |i e6605a7d-71d5-38d4-8889-8f919fcadc46  |t 0 
952 f f |p ric  |a Texas A&M University  |b Rellis Campus  |c Joint Library Facility  |d Remote Storage  |t 0  |e SB601 .G42  |h Library of Congress classification  |i unmediated -- volume  |m A14816946067 
998 f f |a SB601 .G42  |t 0  |l Remote Storage